000 00858nam a2200217Ia 4500
001 14682
003 GE_BSU
008 181216s||||||||xx |||||||||||||| ||und||
020 _a9789941146060
040 _cGE_BSU
080 _a004(075.8)
100 _aოთხოზორია,ნ.
245 _aსტატისტიკური ინფორმაციის დამუშავების პროგრამული უზრუნველყოფა
260 _aთბილისი
260 _bტექნიკური უნ-ტი
260 _c2009
300 _a69გვ.
520 _aქსეროასლი
653 _aსტატისტიკური ინფორმაციის დამუშავების პროგრამული უზრუნველყოფა
942 _cBK
999 _c47808
_d47808